| 000 | 01488nam0a2200337 4500 | ||
|---|---|---|---|
| 001 | RU\NLR\bibl\1829444 | ||
| 005 | 20250616163902.0 | ||
| 010 |
_a978-98940-032-4 _91000 |
||
| 021 |
_aRU _b2011-2077и _9281и |
||
| 035 | _a(NLR Aleph) 001819954 | ||
| 090 |
_a1991566 _c1991566 |
||
| 100 | _a20111107d2010 |||y0rusy50 ca | ||
| 101 | 0 | _arus | |
| 102 | _aRU | ||
| 105 | _aa ||||||||| | ||
| 200 | 1 |
_aЖизнь _iТворчество _e[книга-альбом] _fВера Федяевская _g[сост.: Ирина Коровай и др. _gст.: Андрей Гончаров и др.] |
|
| 210 |
_aМосква _cХудожник и книга _d2010 |
||
| 215 |
_a215 с. _cил., цв. ил., портр. _d27 |
||
| 300 | _aВ вып. дан. авт.: засл. худож. России В.К. Федяевская | ||
| 320 | _aБиблиогр.: с. 215 (31 назв.) | ||
| 320 | _aКаталог произведений В.К. Федяевской: с. 209-214 | ||
| 600 | 1 |
_aФедяевская _bВ.К. _f1911 - 2007 _gВера Константиновна _jАльбомы _9954098 _3RU\NLR\auth\66355262 |
|
| 686 | _aЩ153(2Р=Рус)7-8Федяевская я61 | ||
| 700 | 1 |
_aФедяевская _bВ. К. _f1911-2007 _gВера Константиновна _4070 |
|
| 702 | 1 |
_aКоровай _bИ. _gИрина _4220 |
|
| 801 | 0 |
_aRU _bNLR _c20111107 _gRCR |
|
| 801 | 1 |
_aRU _bNLR _c20111107 |
|
| 830 | _aавт. по кн. | ||
| 942 | _cBOOK | ||
| 980 | _aNB | ||